000 01053nam0a22002531 4500
001 rc\4316549
005 20260407223434.0
021 _aRU
_bРг9442
021 _aRU
_b(61-77401)
035 _a(NLR Aleph) 008263678
090 _a8413031
_c8413031
100 _a20130416d1961 |||y0rusy50 ca
101 0 _arus
102 _aRU
105 _ay z |||||
200 1 _aРезолюция собрания актива Ленинградской городской организации ВЛКСМ от 12 июля 1961 года "Об усилении участия комсомольцев и молодежи в работе по наведению общественного порядка"
_fЛенингр. Г. К. ВЛКСМ
210 _aЛенинград
_cБ. и.
_d1961
215 _a4 с.
_d20
710 0 2 _aВЛКСМ
_bЛенинградская городская организация
_3RU\NLR\AUTH\8810151278
_9797261
801 0 _aRU
_bNLR
_gpsbo
801 1 _aRU
_bELAR
_2rusmarc
852 _aNLR
_j61-4/16896
942 _cBOOK
980 _aNB